000 02097cas a2200553 a 4500
999 _c3145
_d3145
001 13884542
003 GZU
005 20201119090624.0
007 ta
008 050228c19989999enkar 0 0eng d
010 _a 2005201854
_z 2002513355
_z 2004016294
_z 2004268842
016 7 _a011102842
_2Uk
020 _a9780198709466
022 0 _a2399-9276
035 _a(OCoLC)ocm53170667
040 _aSILAS
_beng
_cDLC
_dSILAS
_dYDXCP
_dNLGGC
_dSINLB
_dBWX
_dUKMGB
_dOCLCO
_dOCLCF
_dOCLCQ
_dDLC
_dOCLCO
_dOCLCQ
042 _alccopycat
043 _ae-uk---
050 0 0 _aKD2074
_b.B53
082 0 4 _a346.41066
_222
084 _a86.32
_2bcl
245 0 0 _aBlackstone's statutes on company law.
_cEdited by Derek French
246 1 _iVol. for <2004/2005-2009/2010> have title:
_aBlackstone's statutes company law
246 3 0 _aStatutes on company law
246 3 0 _aCompany law
260 _aOxford :
_bOxford University Press,
_c2014-
300 _avolumes ;
_c22 cm.
310 _aAnnual
336 _atext
_btxt
_2rdacontent
337 _aunmediated
_bn
_2rdamedia
338 _avolume
_bnc
_2rdacarrier
362 0 _a1st ed. (1997/98)-
490 1 _aBlackstone's statutes
500 _aEdited by: Derek French.
500 _aPublished: Oxford ; New York : Oxford University Press <2002/2003->
500 _aLatest issued consulted: 18th ed. (2014/2015).
540 _aCurrent Copyright Fee: GBP17.50
_c0.
_5Uk
650 0 _aCorporation law
_zGreat Britain.
650 7 _aCorporation law.
_2fast
_0(OCoLC)fst00879728
650 1 7 _aOndernemingsrecht.
_2gtt
651 7 _aGreat Britain.
_2fast
_0(OCoLC)fst01204623
651 7 _aVerenigd Koninkrijk van Groot-Brittanniƫ en Noord-Ierland.
_2gtt
700 1 _aFrench, Derek.
830 0 _aBlackstone's statutes.
906 _a7
_bcbc
_cserials
_d2
_encip
_f20
_gn-oclcserc
942 _2lcc
_cBK
_e18th ed.
_h2074
_iBLA
_kKD
_m2014